| 000 | 01086nam a22002657a 4500 | ||
|---|---|---|---|
| 003 | 0 | ||
| 005 | 20250820142039.0 | ||
| 008 | 250820b xxu||||| |||| 00| 0 eng d | ||
| 020 | _a978-1-394-23873-6 | ||
| 050 |
_aLB 3051 _b.S98 2025 |
||
| 100 |
_aSzucs, Ildiko Porter-, _eauthor. |
||
| 245 |
_aA Practical guide to language assessment : _bhow do you know that your students are learning? / _cIldiko Porter-Szucs, Cynthia J. Macknish, and Suzanne Toohey. |
||
| 260 |
_aHoboken, New Jersey : _bWiley Blackwell, _c2025. |
||
| 300 |
_axi, 379 pages : _billustrations ; _c26 cm. |
||
| 504 | _aIncludes bibliographical references and index. | ||
| 650 |
_aEducational tests and measurements _xDesign and construction _xTextbooks. |
||
| 650 | _aItem response theory. | ||
| 650 |
_aLanguage and languages _xStudy and teaching. |
||
| 650 |
_aLanguage and languages _xAbility testing. |
||
| 650 | _aLanguage teachers-In-service training. | ||
| 650 |
_aLanguage teachers _xTraining of. |
||
| 700 |
_aMacknish, Cynthia J., _eauthor. |
||
| 700 |
_aToohey, Suzanne, _eauthor. |
||
| 942 |
_2lcc _cBK |
||
| 999 |
_c367541 _d367541 |
||